| 000 | 00681nam a2200205Ii 4500 | ||
|---|---|---|---|
| 003 | JO-AjNU | ||
| 008 | 230606s9999||||xx |||||||||||||| ||und|| | ||
| 020 | _a978-1-119-61762-4 | ||
| 040 |
_aJO-AjNU _beng _erda _cJO-AjNU |
||
| 041 | _aeng | ||
| 050 | 1 | 4 | _aQA76.73.J38.S417 2020 |
| 100 | 3 |
_aSelikoff, Scott, Jeanne Boyarsky, _eauthor _96535 |
|
| 245 | 0 | 0 | _aOCP Oracle Certified Professional Java SE 11 Programmer II: Study Guide Exam IZO-816 and IZO-817 |
| 264 | 3 | 1 | _aUnited Kingdom: Wiley,2020 |
| 300 | _a709p | ||
| 336 |
_atext _btxt _2rdacontent |
||
| 337 |
_aunmediated _bn _2rdamedia |
||
| 338 |
_avolume _bnc _2rdacarrier |
||
| 650 | 4 |
_aJava computer Program Language _96536 |
|
| 999 |
_aE3392 _c3388 _d3388 |
||